Chaves. : [Novela].

Bibliographic Details
Main Author: Mallea, Eduardo, 1903-1982
Format: Book
Language:Spanish
Published: Buenos Aires : Editorial Losada, [1953]

MARC

Tag First Indicator Second Indicator Subfields
LEADER 00000cam a2200000 4500
001 in00000022752
005 20151007064126.0
008 760112s1953 ag 00001 spa
010 |a  55016672  
035 |a (OCoLC)01921172 
035 |9 AAD9110AM 
040 |a DLC  |c JHE  |d TXA  |d UtOrBLW 
049 |a TXAM  |c [324871] 
050 0 0 |a PQ7797.M225  |b C47 
092 |a 863  |b M252c 
100 1 |a Mallea, Eduardo,  |d 1903-1982. 
245 1 0 |a Chaves. :  |b [Novela]. 
264 1 |a Buenos Aires :  |b Editorial Losada,  |c [1953] 
300 |a 101 pages ;  |c 23 cm. 
336 |a text  |b txt  |2 rdacontent 
337 |a unmediated  |b n  |2 rdamedia 
338 |a volume  |b nc  |2 rdacarrier 
999 |a MARS 
999 f f |s 382486c9-51f5-3604-8eac-546fe0fa147a  |i f62b6497-1926-310d-ac92-216519b0a020  |t 0 
952 f f |p ric  |a Texas A&M University  |b Rellis Campus  |c Joint Library Facility  |d Remote Storage  |t 0  |e PQ7797.M225 C47  |h Library of Congress classification  |i unmediated -- volume  |m A14801384886 
998 f f |a PQ7797.M225 C47  |t 0  |l Remote Storage